| 000 | nam a22 7a 4500 | ||
|---|---|---|---|
| 999 |
_c127124 _d127124 |
||
| 008 | 171016b xxu||||| |||| 00| 0 eng d | ||
| 050 | _aGN495.6.C6454 2009 | ||
| 100 |
_aComaroff, John L. _937121 |
||
| 245 |
_aEthnicity _cJohn, L. Comaroff |
||
| 260 |
_aLondon _bChicago University Press _c2009 |
||
| 300 |
_a234p. ; _c23cm. |
||
| 440 |
_aChicago studies in practices of meaning _98652 |
||
| 650 |
_aEthnicity _937122 |
||
| 650 |
_aEthnicity _xEconomic aspects _937123 |
||
| 650 |
_aEthnicity _xEconomic aspects _zSouth Africa _937124 |
||
| 700 |
_aComaroff, Jean _930547 |
||
| 942 |
_2lcc _cMONOGRAPH |
||